|
|
|
|
| LEADER |
00727cam a2200217 a 4500 |
| 001 |
0000092658 |
| 005 |
20120106090000.0 |
| 040 |
|
|
|a mod
|
| 041 |
|
|
|a eng
|
| 020 |
0 |
0 |
|a 0714650617
|
| 090 |
0 |
0 |
|a 327.172
|b INT
|e 2000
|
| 245 |
0 |
0 |
|a International security in a global age
|b securing the twenty-first century
|c edited by Clive Jones and Caroline Kennedy-Pipe.
|
| 260 |
0 |
0 |
|a London
|b Frank Cass
|c 2000
|
| 300 |
0 |
0 |
|a xi, 213 p.
|c 24 cm
|
| 500 |
0 |
0 |
|a Includes bibliographical references and index.
|
| 650 |
0 |
0 |
|a Security, International
|
| 650 |
0 |
0 |
|a Globalization.
|
| 700 |
1 |
1 |
|a Jones
|h Clive.
|
| 700 |
1 |
1 |
|a Kennedy-Pipe
|h Caroline.
|
| 852 |
0 |
0 |
|a 01
|
| 999 |
|
|
|a 1000006063
|b Maktab Pertahanan Angkatan Tentera
|d BOOKS
|e Umum
|f MPAT
|j AVAILABLE
|q GOOD CONDITION
|